The Effects of R&D Performance on the Profitability of Highly Innovative Companies

Preskúmanie vplyvu investícií do výskumu a vývoja, intenzity výskumu a vývoja a návratnosť kapitálu do výskumu a vývoja na ziskovosť vysoko inovatívnych spoločností.

Guardado en:
Detalles Bibliográficos
Autor principal: Rađenović, Tamara
Otros Autores: Krstić, Bojan, Janjić, Ivana, Jovanović Vujatović, Milica
Formato: Capítulo de libro
Lenguaje:inglés
Materias:
Etiquetas: Agregar Etiqueta
Sin Etiquetas, Sea el primero en etiquetar este registro!

MARC

LEADER 00000naa a2200000 4500
001 0297349
005 20240104123659.4
041 0 |a eng 
044 |a RS 
245 1 0 |a The Effects of R&D Performance on the Profitability of Highly Innovative Companies  |c Tamara Rađenović, Bojan Krstić, Ivana Janjić, Milica Jovanović Vujatović 
520 |a Preskúmanie vplyvu investícií do výskumu a vývoja, intenzity výskumu a vývoja a návratnosť kapitálu do výskumu a vývoja na ziskovosť vysoko inovatívnych spoločností. 
610 2 0 |a investície 
610 2 0 |a investície finančné 
610 2 0 |a výskum 
610 2 0 |a vývoj 
610 2 0 |a intenzita kapitálu 
610 2 0 |a intenzita práce 
610 2 0 |a intenzita výroby 
610 2 0 |a návratnosť investícií 
610 2 0 |a zisk 
610 2 0 |a zisk ekonomický 
610 2 0 |a zisk kapitálový 
610 2 0 |a efektívnosť 
610 2 0 |a inovácie technologické 
610 2 0 |a výdavky 
100 1 |a Rađenović, Tamara 
700 1 |a Krstić, Bojan 
700 1 |a Janjić, Ivana 
700 1 |a Jovanović Vujatović, Milica